00681nam a22001817a 4500003000900000005001700009008004100026040003300067041000800100080001300108245013700121260004700258300001400305650013700319650001800456650001300474650001200487LK-CoDNM20241002123049.0241002b |||||||| |||| 00| 0 eng d aLK-CoDNMdLK-CoDNMeLK-CoDNM aeng a104bNN4 aAnnual progress report of the superintendent, Muhammadan and British monuments, Northern circle, For the year ending 31st March 1918 aUnited provincesbGovernment printerc1918 b3p. 30 cm aAnnual progress report of the superintendent, Muhammadan and British monuments, Northern circle, For the year ending 31st March 1918 aAnnual report aNorthern a104 NN4